Central Library OPAC University of Rajshahi
Normal view MARC view

Entry Personal Name

Number of records used in: 2

001 - CONTROL NUMBER

  • control field: 17551

003 - CONTROL NUMBER IDENTIFIER

  • control field: BD-RjUL

005 - DATE AND TIME OF LATEST TRANSACTION

  • control field: 20260104144605.0

008 - FIXED-LENGTH DATA ELEMENTS

  • fixed length control field: 260104|| aca||aabn | a|a d

040 ## - CATALOGING SOURCE

  • Original cataloging agency: BD-RjUL
  • Transcribing agency: BD-RjUL

100 ## - HEADING--PERSONAL NAME

  • Personal name: Wright, F. A.
  • Fuller form of name: (Frederick Adam),
  • Dates associated with a name: 1869-1946

670 ## - SOURCE DATA FOUND

  • Source citation: Work cat.: (BD-RjUL)86061: Jerome, Saint, -419 or 420. 17548, Select letters of St. Jerome,, 1933, [reprinted 1954]